000 00911cam a22002411 4500
001 ne 68005078
003 DLC
005 20260227111852.0
008 830120s1968 ua 000 0 ara
010 _ane 68005078
025 _aPL480:UAR-9774
035 _a(OCoLC)9147001
040 _aDLC
_cTU
_dTU
_dDLC
042 _apremarc
050 0 0 _aBP134.M3
_bB517
100 0 _aBint al-Shāṭiʼ.
245 1 3 _aal-Qurʼān wa-Ḥuqūq al-insān,
_cMuḥaḍarah ʻĀmmah li-ʻĀʼishah Abdul Raḥmān (Bint al-Shāṭiʼ)
260 _a[al-Qāhirah,
_bMaṭbaʻat Mukhaymir
_c1968?]
300 _a22 p.
_c25 cm.
490 1 _aJāmiʻat Umm Durmān al-Islāmīyah. Muḥāḍarāt al-Mawsim al-Thaqāfī al-Thānī lil-ʻĀm al-Jāmiʻī 1967/1968.
650 0 _aTheological anthropology
_xIslam
_xKoranic teaching.
810 2 _aJāmiʻat Umm Durmān al-Islāmīyah.
_tMuḥāḍarāt al-Mawsim al-Thaqāfī.
999 _c51208
_d51208